Súpis hospodárskych zvierat, strojov a zariadení v poľnohospodárstve k 31.12.2005

Gespeichert in:
Bibliographische Detailangaben
Format: Buch
Sprache:Slowakisch
Veröffentlicht: Bratislava Štatistický úrad Slovenskej republiky 2006
Schriftenreihe:Pôdohospodárstvo a životné prostredie
Schlagworte:
Tags: Tag hinzufügen
Keine Tags, Fügen Sie das erste Tag hinzu!

MARC

LEADER 00000nam$a2200000$$$4500
001 0040652
005 20240104135218.8
041 0 |a slo 
044 |a SK 
245 1 0 |a Súpis hospodárskych zvierat, strojov a zariadení v poľnohospodárstve k 31.12.2005 
264 1 |a Bratislava  |b Štatistický úrad Slovenskej republiky  |c 2006 
300 |a 17 s. 
490 1 |a Pôdohospodárstvo a životné prostredie 
830 0 |a Pôdohospodárstvo a životné prostredie 
610 2 0 |a zvieratá 
610 2 0 |a výroba živočíšna 
610 2 0 |a Slovensko